00311nam a2200121 a 45000010005000000030005000050050017000100080041000270400020000681000021000882450060001092600020001692608CDMR20130116135233.0130130s1975||||||||||||||||||||||||||||d aCDMRbcatcCDMR1 aEgea Point, Juan10aLopez Pinillo (Parmeno) y el periodismocJuan Egea Pont aBarcelonac1975